000
00341nam a2200169Ia 4500
100
_a
Kulkarni/Vivek
650
_a
Computation
942
_c
BK
366
_f
25
654
_a
computation
245
_a
Theory of Computation
260
_b
Oxford
_c
2013
082
_b
KUL
300
_a
873
546
_a
ENGLISH
_c
Computers
999
_c
27649
_d
27649